| Поле | Инд. | ПП | Название | Значение |
|---|---|---|---|---|
| Тип записи | a | |||
| Библиографический уровень | m | |||
| 001 | Контрольный номер | RU/IS/BASE/375291470 | ||
| 005 | Дата корректировки | 20230307093754.6 | ||
| 020 | a | ISBN | 978-5-94280-515-9 | |
| 084 | a | Индекс другой классификации/Индекс ББК | 22.25я73-4 | |
| 090 | a | Полочн. индекс | 22.25я73-4 | |
| x | Авторский знак | П 82 | ||
| 100 | 1_ | a | Автор | Просветов Г. И. |
| q | Полное имя | Просветов Георгий Иванович | ||
| 245 | 10 | a | Заглавие | Механика сплошной среды |
| b | Продолж. заглавия | учебно-практическое пособие | ||
| 260 | c | Дата издания | 2011 | |
| b | Издательство | Альфа-Пресс | ||
| a | Место издания | Москва | ||
| 300 | a | Объем | 112 с. | |
| 336 | a | Термин вида содержания | Текст | |
| 337 | a | Термин типа средства | непосредственный | |
| 541 | 1_ | a | Номер заявки | 900 |
| b | Заявитель | Черепанова В.Г. | ||
| c | Факультет/Кафедра/Подразделение | Кафедра общей и прикладной геофизики | ||
| d | Дата заявки | 22.08.2011 | ||
| f | Дисциплина | Мехагника сплошных сред | ||
| n | Количество экземпляров | 3 | ||
| 650 | 04 | a | Основная рубрика | механика |
| a | Основная рубрика | механика сплошных сред | ||
| 653 | 0_ | a | Ключевые слова | второе начало термодинамики |
| a | Ключевые слова | газовая динамика | ||
| a | Ключевые слова | газы | ||
| a | Ключевые слова | Гамильтона оператор | ||
| a | Ключевые слова | Гаусса-Остроградского формула | ||
| a | Ключевые слова | деформации | ||
| a | Ключевые слова | дивергенция | ||
| a | Ключевые слова | жидкости | ||
| a | Ключевые слова | закон изменения количества движения | ||
| a | Ключевые слова | закон сохранения массы | ||
| a | Ключевые слова | идеальный газ | ||
| a | Ключевые слова | кавитация | ||
| a | Ключевые слова | ковариантное дифференцирование | ||
| a | Ключевые слова | Коши-Гельмгольца формула | ||
| a | Ключевые слова | Коши-Лагранжа интеграл | ||
| a | Ключевые слова | линейно-вязкая жидкость | ||
| a | Ключевые слова | Навье-Ламе уравнения | ||
| a | Ключевые слова | Навье-Стокса уравнения | ||
| a | Ключевые слова | несжимаемая жидкость | ||
| a | Ключевые слова | первое начало термодинамики | ||
| a | Ключевые слова | поверхностные интегралы | ||
| a | Ключевые слова | пограничный слой | ||
| a | Ключевые слова | ротор | ||
| a | Ключевые слова | связность | ||
| a | Ключевые слова | сжимаемые жидкости | ||
| a | Ключевые слова | сплошные среды | ||
| a | Ключевые слова | Стокса формула | ||
| a | Ключевые слова | тензор моментных напряжений | ||
| a | Ключевые слова | тензор напряжения | ||
| a | Ключевые слова | тензор скоростей деформаций | ||
| a | Ключевые слова | тензоры | ||
| a | Ключевые слова | тензоры деформации | ||
| a | Ключевые слова | теорема Кельвина о циркуляции | ||
| a | Ключевые слова | теорема Лагранжа о сохранении безвихревого движения | ||
| a | Ключевые слова | теория пластичности | ||
| a | Ключевые слова | тройные интегралы | ||
| a | Ключевые слова | турбулентность | ||
| a | Ключевые слова | упругие среды | ||
| a | Ключевые слова | уравнение непрерывности | ||
| a | Ключевые слова | уравнение совместности деформации | ||
| a | Ключевые слова | уравнение теплопроводности | ||
| a | Ключевые слова | Эйлера уравнение | ||
| 655 | a | Жанр/ форма (устаревшее) | учебное пособие | |
| a | Жанр/ форма (устаревшее) | задачи | ||
| 900 | a | Имя электронного ресурса | obl_Prosvetov_MSS | |
| x | Справочная информация | Обложка | ||
| 901 | t | Тип документа | m | |
| 952 | a | Тип литературы для КСУ ВШ | УИ |